000 00208 a2200109 4500
020 _a9788478717507
041 _aspa
100 _aSubercaseaux, Elizabeth
245 _aMichelle
942 _cBK
952 _74
999 _c19219
_d19219